| 000 | 00439nam a22001697a 4500 | ||
|---|---|---|---|
| 003 | MPLRDC | ||
| 005 | 20220104142733.0 | ||
| 008 | 210129b ||||| |||| 00| 0 eng d | ||
| 082 | _a225.7 SYFS-2 | ||
| 100 | _a陈慧剑 | ||
| 245 |
_a圣严法师 _c |
||
| 250 | _a初版五刷 | ||
| 260 |
_a _b财团法人法鼓山佛教基金会 _c2004 |
||
| 300 | _b平 | ||
| 650 | _a佛教佈教及信仰生活--修持 | ||
| 942 |
_cBK _o225.7 SYFS-2 |
||
| 999 |
_c33302 _d33292 |
||